[Event "Reykjavik op"]
[Site "Reykjavik"]
[Date "2025.04.14"]
[Round "8"]
[White "Belz, Frank Martin"]
[Black "Unzicker, Ferdinand"]
[Result "1-0"]
[WhiteElo "2027"]
[BlackElo "2241"]
[PlyCount "68"]
[EventDate "2025.04.09"]
[EventType "swiss"]
[EventRounds "9"]
[EventCountry "ISL"]
[SourceTitle "CB17_2025"]
[SourceDate "2025.04.23"]
[SourceVersion "1"]
[SourceVersionDate "2025.04.23"]
[SourceQuality "1"]

1. Nf3 Nf6 2. c4 g6 3. Nc3 Bg7 4. e4 d6 5. d4 0-0 6. Be2 c5 7. 0-0 cxd4 8. Nxd4 Nc6 9. Be3 Bd7 10. h3 Nxd4 11. Bxd4 Bc6 12. Qc2 a5 13. b3 Nd7 14. Bxg7 Kxg7 15. Bg4 Nf6 16. Rad1 Qc7 17. Rd2 h5 18. Be2 Qb6 19. a3 Rfc8 20. Kh1 Re8 21. f4 Rh8 22. g3 h4 23. g4 Qe3 24. Rf3 Bxe4 25. Nxe4 Qxe4 26. Qb2 Kh7 27. Rd4 Qc6 28. Kh2 Rae8 29. g5 Nh5 30. f5 gxf5 31. Rxf5 e5 32. Rxh4 Kg6 33. Bxh5+ Rxh5 34. Rf6+ Kg7 1-0

[Event "Reykjavik op"]
[Site "Reykjavik"]
[Date "2025.04.10"]
[Round "2"]
[White "Belz, Frank Martin"]
[Black "Fernandez, Kenneth"]
[Result "1-0"]
[WhiteElo "2027"]
[BlackElo "1842"]
[PlyCount "95"]
[EventDate "2025.04.09"]
[EventType "swiss"]
[EventRounds "9"]
[EventCountry "ISL"]
[SourceTitle "CB17_2025"]
[SourceDate "2025.04.23"]
[SourceVersion "1"]
[SourceVersionDate "2025.04.23"]
[SourceQuality "1"]

1. Nf3 d5 2. e3 Nf6 3. c4 c6 4. Nc3 e6 5. b3 Bd6 6. Bb2 e5 7. cxd5 cxd5 8. Nb5 Nc6 9. Nxd6+ Qxd6 10. Bb5 Nd7 11. 0-0 0-0 12. Rc1 a6 13. Bxc6 bxc6 14. Qc2 Bb7 15. Qf5 f6 16. Nh4 Rfd8 17. Qg4 Nf8 18. Nf5 Qd7 19. Ba3 g6 20. Ne7+ Kf7 21. Qxd7 Rxd7 22. Nxc6 a5 23. f4 e4 24. Bxf8 Kxf8 25. Rc3 Bxc6 26. Rxc6 Kg7 27. Rfc1 Raa7 28. Kf2 Kf7 29. Ke2 Kg7 30. d4 f5 31. Kd2 Kf7 32. R1c5 Kg7 33. Re6 a4 34. b4 a3 35. Kc3 Rdb7 36. Rd6 Ra4 37. b5 Kh6 38. Rdxd5 Kh5 39. Kb3 Ra8 40. Kb4 h6 41. Rc3 Kg4 42. Rxa3 Rxa3 43. Kxa3 g5 44. fxg5 f4 45. Re5 f3 46. Rxe4+ Kxg5 47. gxf3 Rxb5 48. Re5+ 1-0

[Event "Reykjavik op"]
[Site "Reykjavik"]
[Date "2025.04.10"]
[Round "3"]
[White "Schouten, Mathias Lind"]
[Black "Belz, Frank Martin"]
[Result "1-0"]
[WhiteElo "2279"]
[BlackElo "2027"]
[PlyCount "97"]
[EventDate "2025.04.09"]
[EventType "swiss"]
[EventRounds "9"]
[EventCountry "ISL"]
[SourceTitle "CB17_2025"]
[SourceDate "2025.04.23"]
[SourceVersion "1"]
[SourceVersionDate "2025.04.23"]
[SourceQuality "1"]

1. d4 d5 2. c4 c6 3. Nf3 Nf6 4. e3 e6 5. b3 Bd6 6. Bd3 0-0 7. 0-0 Qe7 8. Bb2 Nbd7 9. Ne5 a5 10. Nd2 Ba3 11. Qc1 Bxb2 12. Qxb2 Nxe5 13. dxe5 Nd7 14. Rac1 Nc5 15. Bb1 b6 16. f4 Bb7 17. Rf3 Rad8 18. a3 Ne4 19. Nxe4 dxe4 20. Bxe4 c5 21. Bxb7 Qxb7 22. Qc2 Qd7 23. Rff1 Qd3 24. Kf2 h6 25. Rfe1 Qxc2+ 26. Rxc2 Rd3 27. Rb1 Rfd8 28. Ke2 Kh7 29. Rbb2 Rd1 30. b4 Ra1 31. bxc5 bxc5 32. Rb5 Rxa3 33. Rxc5 Rdd3 34. Rxa5 Rxe3+ 35. Kf2 Rec3 36. Rxc3 Rxc3 37. Rc5 g5 38. fxg5 hxg5 39. Rc7 Kg6 40. c5 Kg7 41. Rc8 Kg6 42. g4 Kg7 43. c6 Kh7 44. Ke2 Rc5 45. Kd3 Rxe5 46. Kd4 Rd5+ 47. Kc4 Kg7 48. c7 Rd1 49. Rg8+ 1-0

[Event "Mittelfrank Regionalliga Sud-Ost 2223"]
[Site "Mittelfranken"]
[Date "2023.01.15"]
[Round "5.4"]
[White "Hirtreiter, Alexander"]
[Black "Belz, Frank Martin"]
[Result "1/2-1/2"]
[WhiteElo "1927"]
[BlackElo "1973"]
[PlyCount "74"]
[EventDate "2022.10.09"]
[EventType "team-tourn"]
[EventRounds "9"]
[EventCountry "GER"]
[SourceTitle "EXT 2024"]
[Source "ChessBase"]
[SourceDate "2023.10.10"]
[SourceVersion "1"]
[SourceVersionDate "2023.10.10"]
[SourceQuality "1"]
[WhiteTeam "Landau Dingolfing"]
[BlackTeam "Freising"]
[WhiteTeamCountry "GER"]
[BlackTeamCountry "GER"]

1. e4 c6 2. d4 d5 3. Nc3 dxe4 4. Nxe4 Bf5 5. Ng3 Bg6 6. f4 e6 7. Nf3 Nd7 8. Bd3 Bxd3 9. Qxd3 g6 10. 0-0 Qc7 11. Bd2 Bg7 12. Rae1 0-0-0 13. b4 Ngf6 14. c4 h5 15. Qb3 h4 16. Ne2 Ne4 17. Bc1 Rdg8 18. Rd1 Bh6 19. d5 c5 20. Bb2 Bg7 21. dxe6 fxe6 22. Bxg7 Rxg7 23. Qe3 Ndf6 24. Ng5 Nxg5 25. fxg5 Nd7 26. Qxe6 cxb4 27. Rd6 Qc5+ 28. Kh1 Qe5 29. Qxe5 Nxe5 30. Rd5 Nxc4 31. Rc1 Rc7 32. Nf4 Rc6 33. Nxg6 Rxg6 34. Rxc4+ Rc6 35. Rdd4 Rd8 36. h3 a5 37. Rxh4 Rg8 1/2-1/2

[Event "Landesliga Sued 1819"]
[Site "Bayern"]
[Date "2018.11.11"]
[Round "2.5"]
[White "Hartl, Aldo"]
[Black "Belz, Frank Martin"]
[Result "0-1"]
[WhiteElo "2057"]
[BlackElo "1986"]
[PlyCount "124"]
[EventDate "2018.10.21"]
[EventType "team-tourn"]
[EventRounds "9"]
[EventCountry "GER"]
[SourceTitle "EXT 2022"]
[Source "ChessBase"]
[SourceDate "2021.10.06"]
[SourceVersion "1"]
[SourceVersionDate "2021.10.06"]
[SourceQuality "1"]
[WhiteTeam "Trostberg TSV"]
[BlackTeam "Freising SK"]
[WhiteTeamCountry "GER"]
[BlackTeamCountry "GER"]

1. d4 d5 2. c4 c6 3. Nf3 Nf6 4. Nc3 dxc4 5. a4 Bf5 6. Nh4 Bg4 7. h3 Bh5 8. g4 Bg6 9. e3 Bd3 10. Bxd3 cxd3 11. Qxd3 e6 12. Nf3 Bb4 13. Bd2 Nbd7 14. g5 Nd5 15. e4 Nxc3 16. bxc3 Bd6 17. Ke2 e5 18. Nh4 g6 19. f4 exf4 20. Nf3 Qe7 21. Kf2 0-0-0 22. a5 Nc5 23. Qe2 Nxe4+ 24. Kg2 Nxd2 25. Qxd2 Qe3 26. Rhe1 Qxd2+ 27. Nxd2 h6 28. h4 hxg5 29. hxg5 Rh5 30. Nf3 Kd7 31. c4 Re8 32. Rxe8 Kxe8 33. Rb1 f6 34. c5 Be7 35. Rxb7 fxg5 36. Ne5 g4 37. Rb8+ Bd8 38. Nxg4 Ke7 39. Kf3 Rh3+ 40. Ke4 Ra3 41. Ne5 g5 42. Kf5 f3 43. Nxc6+ Kd7 44. Ne5+ Kc7 45. Rb2 Rxa5 46. Nxf3 Ra4 47. Ke4 g4 48. Ne5 g3 49. Rg2 Be7 50. Kd5 Ra3 51. Ng6 Bf6 52. Nf8 a5 53. Rb2 a4 54. Ne6+ Kc8 55. Kc6 Rb3 56. Ra2 a3 57. d5 Bb2 58. d6 Rd3 59. Nf4 Rd2 60. Nd5 g2 61. Nb6+ Kd8 62. Nc4 g1Q 0-1

[Event "Landesliga Sued 1819"]
[Site "Bayern"]
[Date "2018.10.21"]
[Round "1.6"]
[White "Walch, Ingo"]
[Black "Belz, Frank Martin"]
[Result "1-0"]
[WhiteElo "2089"]
[BlackElo "1986"]
[PlyCount "113"]
[EventDate "2018.10.21"]
[EventType "team-tourn"]
[EventRounds "9"]
[EventCountry "GER"]
[SourceTitle "EXT 2022"]
[Source "ChessBase"]
[SourceDate "2021.10.06"]
[SourceVersion "1"]
[SourceVersionDate "2021.10.06"]
[SourceQuality "1"]
[WhiteTeam "Rottal Inn"]
[BlackTeam "Freising SK"]
[WhiteTeamCountry "GER"]
[BlackTeamCountry "GER"]

1. d4 d5 2. c4 c6 3. Nf3 Nf6 4. Qc2 Bg4 5. Nbd2 e6 6. e3 Nbd7 7. Bd3 Bd6 8. 0-0 0-0 9. b3 e5 10. dxe5 Nxe5 11. Nxe5 Bxe5 12. Bb2 Bxb2 13. Qxb2 dxc4 14. Bc2 cxb3 15. axb3 Be2 16. Rfc1 Bd3 17. Bd1 Ne4 18. Nxe4 Bxe4 19. Be2 Qg5 20. Bf1 Rfd8 21. b4 Rd6 22. Rc5 Qg4 23. Re5 h6 24. h3 Qg6 25. Re7 Rad8 26. Qe5 Bf5 27. Kh2 a6 28. Rxb7 Rd2 29. Bc4 Be6 30. Bxe6 fxe6 31. Qg3 Qxg3+ 32. Kxg3 R8d5 33. Rxa6 Rg5+ 34. Kf3 Rf5+ 35. Ke4 Rdxf2 36. g4 Rb5 37. Rxb5 cxb5 38. Kd4 Kf7 39. Rb6 Rh2 40. Rxb5 Rxh3 41. Re5 Rg3 42. Re4 Rg1 43. Kc5 Ke7 44. Kb6 g6 45. b5 Rb1 46. Kc6 Rc1+ 47. Kb7 Kd6 48. b6 e5 49. Rb4 Kc5 50. Rb2 h5 51. gxh5 gxh5 52. Ka7 Kc6 53. b7 Ra1+ 54. Kb8 Rc1 55. Kc8 Rg1 56. Rc2+ Kd6 57. b8Q+ 1-0

[Event "Wiesbaden op 30th"]
[Site "Wiesbaden"]
[Date "2018.08.26"]
[Round "7"]
[White "Bakiev, Diyor"]
[Black "Belz, Frank Martin"]
[Result "0-1"]
[WhiteElo "1899"]
[BlackElo "2041"]
[PlyCount "104"]
[EventDate "2018.08.23"]
[EventType "swiss"]
[EventRounds "7"]
[EventCountry "GER"]
[SourceTitle "CBM 186 Extra"]
[Source "ChessBase"]
[SourceDate "2018.08.24"]
[SourceVersion "1"]
[SourceVersionDate "2018.08.24"]
[SourceQuality "1"]

1. e4 c6 2. d4 d5 3. exd5 cxd5 4. c4 Nf6 5. Nc3 Nc6 6. Nf3 Bg4 7. Be3 e6 8. Be2 dxc4 9. Bxc4 Bb4 10. 0-0 0-0 11. Be2 Rc8 12. Rc1 Qa5 13. Qb3 Rfd8 14. Rfd1 Rc7 15. a3 Bxc3 16. bxc3 Rcd7 17. h3 Bh5 18. g4 Bg6 19. Bg5 Be4 20. Bxf6 gxf6 21. Nd2 Bg6 22. Bf3 Qc7 23. Bg2 Kg7 24. Ne4 b6 25. Ng3 Na5 26. Qb5 Qf4 27. Ne2 Qg5 28. Qb4 h5 29. d5 exd5 30. f4 Qh4 31. f5 Bh7 32. Rf1 Nc4 33. Rf4 Re8 34. gxh5 Qxh5 35. Rg4+ Kh8 36. Bxd5 Qxh3 37. Qxc4 Qe3+ 38. Kf1 Rxd5 39. Rf4 Rde5 40. Rf2 Qh3+ 41. Ke1 Qh5 42. Rd1 Bxf5 43. Rd4 Re4 44. Rxe4 Rxe4 45. Qc7 Bg4 46. Qd8+ Kh7 47. Qd3 f5 48. a4 Bxe2 49. Rxe2 Qxe2+ 50. Qxe2 Rxe2+ 51. Kxe2 Kg6 52. c4 Kf6 0-1

[Event "Wiesbaden op 29th"]
[Site "Wiesbaden"]
[Date "2017.08.27"]
[Round "7"]
[White "Belz, Frank Martin"]
[Black "Hoppe, Thilo"]
[Result "0-1"]
[WhiteElo "2021"]
[BlackElo "2084"]
[PlyCount "102"]
[EventDate "2017.08.24"]
[EventType "swiss"]
[EventRounds "7"]
[EventCountry "GER"]
[SourceTitle "CBM 180 Extra"]
[Source "ChessBase"]
[SourceDate "2017.10.06"]
[SourceVersion "1"]
[SourceVersionDate "2017.10.06"]
[SourceQuality "1"]

1. Nf3 Nf6 2. c4 g6 3. Nc3 Bg7 4. e4 d6 5. Be2 0-0 6. 0-0 e5 7. d4 Nh5 8. dxe5 dxe5 9. Qxd8 Rxd8 10. Nd5 Rd7 11. Bg5 f6 12. Be3 c6 13. Nc3 Nf4 14. c5 Nxe2+ 15. Nxe2 Na6 16. a3 Nc7 17. Rfd1 Rxd1+ 18. Rxd1 Be6 19. Kf1 h6 20. Nh4 Kf7 21. f4 exf4 22. Bxf4 Na6 23. Bd6 Rd8 24. Ke1 Re8 25. Nf3 Bb3 26. Rd4 f5 27. e5 Bd5 28. Rxd5 cxd5 29. Ned4 Nb8 30. e6+ Kg8 31. e7 Nc6 32. Ne6 Bxb2 33. Nc7 Rxe7+ 34. Bxe7 Nxe7 35. Nb5 a6 36. Nd6 Bxa3 37. Nxb7 Nc6 38. Kd2 Bb2 39. Kc2 Bf6 40. Kb3 Kf7 41. Nd6+ Ke6 42. Ne8 Bd8 43. Kc3 Kd7 44. Nd6 Be7 45. Nf7 Bxc5 46. Nh4 Ke6 47. Nxh6 Bf8 48. N6xf5 gxf5 49. Nf3 Bg7+ 50. Kd2 d4 51. h3 f4 0-1

[Event "Wiesbaden op 29th"]
[Site "Wiesbaden"]
[Date "2017.08.27"]
[Round "6"]
[White "Neukirchner, Pascal"]
[Black "Belz, Frank Martin"]
[Result "1/2-1/2"]
[WhiteElo "2142"]
[BlackElo "2021"]
[PlyCount "185"]
[EventDate "2017.08.24"]
[EventType "swiss"]
[EventRounds "7"]
[EventCountry "GER"]
[SourceTitle "CBM 180 Extra"]
[Source "ChessBase"]
[SourceDate "2017.10.06"]
[SourceVersion "1"]
[SourceVersionDate "2017.10.06"]
[SourceQuality "1"]

1. d4 d5 2. c4 c6 3. Nf3 Nf6 4. e3 Bg4 5. h3 Bxf3 6. Qxf3 e6 7. Nc3 Bb4 8. Bd2 a5 9. Bd3 0-0 10. a3 Bd6 11. 0-0 Nbd7 12. e4 e5 13. exd5 exd4 14. Ne4 Ne5 15. Qf5 Nxe4 16. Qxe4 Nxd3 17. Qxd3 cxd5 18. Qxd4 dxc4 19. Bc3 f6 20. Rad1 Ra6 21. Qxc4+ Kh8 22. Qb5 Qc7 23. Rd5 Bxa3 24. Bxa5 Rxa5 25. Qxa5 Qxa5 26. Rxa5 Bxb2 27. Rb1 b6 28. Rd5 Be5 29. Rxb6 Rc8 30. g3 h6 31. Rb7 Kh7 32. Rdd7 Rg8 33. f4 Bc3 34. Rf7 Kg6 35. g4 Kh7 36. Kg2 Kh8 37. Kf3 Kh7 38. Ke4 Kg6 39. h4 h5 40. gxh5+ Kh6 41. Kf5 Be1 42. Rb1 Re8 43. Rbb7 Rg8 44. Kg4 Bf2 45. Rb2 Be1 46. Re7 Bc3 47. Rc2 Bd4 48. Rg2 f5+ 49. Kxf5 Kxh5 50. Ke4 Bf6 51. Rf7 Ra8 52. Rb7 Ra4+ 53. Kf5 Ra5+ 54. Ke6 Ra4 55. Rb8 Ra6+ 56. Kd5 g6 57. Rg8 Bb2 58. Rg5+ Kh6 59. Ke4 Kh7 60. Rc8 Bf6 61. Rg2 Ra4+ 62. Kf3 Bxh4 63. Rh2 g5 64. fxg5 Kg6 65. Rc5 Bxg5 66. Rg2 Rf4+ 67. Ke2 Rf5 68. Rxf5 Kxf5 69. Kf3 Bf6 70. Ra2 Be5 71. Ra5 Ke6 72. Ke4 Bc7 73. Ra6+ Kd7 74. Kd5 Kc8 75. Kc6 Kb8 76. Ra1 Be5 77. Rf1 Ka8 78. Kd7 Bg3 79. Kc8 Bb8 80. Rf8 Ka7 81. Rf7+ Ka8 82. Rf2 Ba7 83. Rb2 Bd4 84. Rb4 Bc5 85. Rb5 Ba7 86. Kc7 Be3 87. Rb8+ Ka7 88. Rb4 Ka8 89. Re4 Bf2 90. Kc6 Bg1 91. Re8+ Ka7 92. Re7+ Ka8 93. Re8+ 1/2-1/2

[Event "Wiesbaden op 29th"]
[Site "Wiesbaden"]
[Date "2017.08.25"]
[Round "3"]
[White "Belz, Frank Martin"]
[Black "Boidman, Yuri"]
[Result "0-1"]
[WhiteElo "2021"]
[BlackElo "2319"]
[PlyCount "112"]
[EventDate "2017.08.24"]
[EventType "swiss"]
[EventRounds "7"]
[EventCountry "GER"]
[SourceTitle "CBM 180 Extra"]
[Source "ChessBase"]
[SourceDate "2017.10.06"]
[SourceVersion "1"]
[SourceVersionDate "2017.10.06"]
[SourceQuality "1"]

1. Nf3 d5 2. c4 c6 3. g3 Nf6 4. Bg2 Bf5 5. cxd5 cxd5 6. Qb3 Nc6 7. 0-0 Qb6 8. Qxb6 axb6 9. d3 e5 10. Nc3 h6 11. Nb5 Rc8 12. Be3 Nd7 13. Nh4 Be6 14. f4 d4 15. Bd2 exf4 16. gxf4 Nf6 17. Nf3 Bc5 18. a3 Bb3 19. Bh3 Rd8 20. Nc7+ Kf8 21. Be1 Nd5 22. Nxd5 Rxd5 23. Bg2 Rd7 24. Nd2 Na5 25. Rc1 f5 26. Nf3 Nc6 27. Nd2 Bd5 28. b4 Bxg2 29. Kxg2 Bd6 30. Nc4 Bc7 31. b5 Ne7 32. Bb4 Kf7 33. Bxe7 Rxe7 34. Kf3 g5 35. Ne5+ Bxe5 36. fxe5 Rhe8 37. a4 Rxe5 38. Rc7+ R8e7 39. Rxe7+ Kxe7 40. h4 g4+ 41. Kf4 Kf6 42. Rf2 Re3 43. Rh2 h5 44. Rg2 Rh3 45. Rf2 Rxh4 46. e4 Rh3 47. exf5 Rxd3 48. Ke4 Rf3 49. Rd2 d3 50. Rh2 Kg5 51. f6 Rxf6 52. Kxd3 Re6 53. Rc2 g3 54. a5 bxa5 55. Rc5+ Kg4 56. Rc7 Rg6 0-1

[Event "Bad Woerishofen op 33rd"]
[Site "Bad Woerishofen"]
[Date "2017.03.14"]
[Round "5"]
[White "Kirchhof, Arno"]
[Black "Belz, Frank Martin"]
[Result "0-1"]
[WhiteElo "2078"]
[BlackElo "1985"]
[PlyCount "26"]
[EventDate "2017.03.10"]
[EventType "swiss"]
[EventRounds "9"]
[EventCountry "GER"]
[SourceTitle "EXT 2018"]
[Source "ChessBase"]
[SourceDate "2017.10.13"]
[SourceVersion "1"]
[SourceVersionDate "2017.10.13"]
[SourceQuality "1"]

1. d4 d5 2. Nf3 Nf6 3. c4 c6 4. e3 Bg4 5. h3 Bxf3 6. Qxf3 e6 7. Bd3 Nbd7 8. 0-0 Bd6 9. Nc3 0-0 10. e4 e5 11. cxd5 exd4 12. Ne2 Ne5 13. Qg3 Nh5 0-1

[Event "Landesliga Sued 1617"]
[Site "Bayern"]
[Date "2017.02.05"]
[Round "5.7"]
[White "Rampp, Gerhard"]
[Black "Belz, Frank Martin"]
[Result "1-0"]
[WhiteElo "2105"]
[BlackElo "2042"]
[PlyCount "51"]
[EventDate "2016.10.16"]
[EventType "team-tourn"]
[EventRounds "9"]
[EventCountry "GER"]
[SourceTitle "EXT 2019"]
[Source "ChessBase"]
[SourceDate "2018.10.10"]
[SourceVersion "1"]
[SourceVersionDate "2018.10.10"]
[SourceQuality "1"]
[WhiteTeam "Haunstetten"]
[BlackTeam "Freising"]
[WhiteTeamCountry "GER"]
[BlackTeamCountry "GER"]

1. Nf3 d5 2. d4 Nf6 3. e3 Bg4 4. c4 Bxf3 5. Qxf3 e6 6. cxd5 exd5 7. Nc3 Be7 8. Bd3 0-0 9. g4 c6 10. g5 Ne8 11. h4 Nd7 12. Bd2 Nd6 13. 0-0-0 b5 14. Rdg1 b4 15. Ne2 Ne4 16. Bxe4 dxe4 17. Qxe4 c5 18. Kb1 Rb8 19. Rc1 Nb6 20. dxc5 Bxc5 21. Rhd1 Re8 22. Qf5 Qd7 23. Rxc5 Qa4 24. Rdc1 b3 25. axb3 Qxb3 26. Nd4 1-0

[Event "Marianske Lazne op 16th"]
[Site "Marianske Lazne"]
[Date "2017.01.25"]
[Round "6"]
[White "Belz, Frank Martin"]
[Black "Chudinovskikh, Alexander M"]
[Result "0-1"]
[WhiteElo "1992"]
[BlackElo "2247"]
[PlyCount "32"]
[EventDate "2017.01.21"]
[EventType "swiss"]
[EventRounds "9"]
[EventCountry "CZE"]
[SourceTitle "CBM 176 Extra"]
[Source "ChessBase"]
[SourceDate "2017.03.02"]
[SourceVersion "1"]
[SourceVersionDate "2017.03.02"]
[SourceQuality "1"]

1. Nf3 Nf6 2. c4 c5 3. d4 cxd4 4. Nxd4 Nc6 5. Nc3 e6 6. e4 Bb4 7. f3 0-0 8. Be3 d5 9. Nxc6 bxc6 10. exd5 exd5 11. Kf2 Re8 12. a3 Qe7 13. Bd4 Bc5 14. b4 Ng4+ 15. Kg3 Qd6+ 16. f4 Bxd4 0-1

[Event "Landesliga Sued 1617"]
[Site "Bayern"]
[Date "2017.01.15"]
[Round "4.7"]
[White "Belz, Frank Martin"]
[Black "Reimann, Matthias"]
[Result "1/2-1/2"]
[WhiteElo "2042"]
[BlackElo "1954"]
[PlyCount "104"]
[EventDate "2016.10.16"]
[EventType "team-tourn"]
[EventRounds "9"]
[EventCountry "GER"]
[SourceTitle "EXT 2019"]
[Source "ChessBase"]
[SourceDate "2018.10.10"]
[SourceVersion "1"]
[SourceVersionDate "2018.10.10"]
[SourceQuality "1"]
[WhiteTeam "Freising"]
[BlackTeam "Kriegshaber"]
[WhiteTeamCountry "GER"]
[BlackTeamCountry "GER"]

1. Nf3 g6 2. c4 Bg7 3. Nc3 c5 4. g3 Nc6 5. Bg2 e5 6. d3 d6 7. Bg5 f6 8. Bd2 Nge7 9. Rb1 0-0 10. 0-0 h6 11. a3 f5 12. Ne1 f4 13. e3 fxe3 14. fxe3 Rxf1+ 15. Kxf1 Bf5 16. b4 Qd7 17. b5 Nd8 18. Nd5 Nxd5 19. Bxd5+ Kh7 20. Kg1 Nf7 21. e4 Bh3 22. Ng2 Rf8 23. Be3 Nd8 24. Qe2 Bg4 25. Qd2 Ne6 26. Bxe6 Qxe6 27. Rf1 Rxf1+ 28. Kxf1 Qf7+ 29. Qf2 Qxf2+ 30. Kxf2 Kg8 31. Bd2 Kf7 32. Ne3 Be6 33. Nd1 h5 34. a4 Bf6 35. h4 Bd8 36. Bg5 Ba5 37. Ne3 Bd2 38. Nc2 Ba5 39. Na1 Bg4 40. Nb3 Bc3 41. Bd2 Bd1 42. Bxc3 Bxb3 43. a5 a6 44. Ke2 Ba4 45. b6 Bd7 46. Bd2 Bg4+ 47. Kf2 Ke6 48. Bg5 Kd7 49. Ke3 Ke6 50. Kd2 Kd7 51. Ke3 Ke6 52. Kd2 Kd7 1/2-1/2

[Event "Landesliga Sued 1617"]
[Site "Bayern"]
[Date "2016.11.20"]
[Round "2.7"]
[White "Belz, Frank Martin"]
[Black "Grawe, Christian"]
[Result "0-1"]
[WhiteElo "2042"]
[BlackElo "2193"]
[PlyCount "58"]
[EventDate "2016.10.16"]
[EventType "team-tourn"]
[EventRounds "9"]
[EventCountry "GER"]
[SourceTitle "EXT 2019"]
[Source "ChessBase"]
[SourceDate "2018.10.10"]
[SourceVersion "1"]
[SourceVersionDate "2018.10.10"]
[SourceQuality "1"]
[WhiteTeam "Freising"]
[BlackTeam "Groebenzell"]
[WhiteTeamCountry "GER"]
[BlackTeamCountry "GER"]

1. Nf3 d5 2. c4 d4 3. g3 Nc6 4. Bg2 e5 5. 0-0 Nf6 6. d3 Bd6 7. e3 0-0 8. Na3 Bf5 9. exd4 Nxd4 10. Nxd4 exd4 11. Bxb7 Rb8 12. Bg2 a6 13. Nc2 c5 14. b4 Qd7 15. a4 cxb4 16. Nxd4 Be5 17. Nc6 Bxa1 18. Nxb8 Qxd3 19. Bf4 Bc3 20. Nc6 Qxd1 21. Ne7+ Kh8 22. Rxd1 Bc2 23. Rc1 b3 24. Rxc2 bxc2 25. c5 Bb4 26. Nd5 Nxd5 27. Bxd5 Rd8 28. Bb7 Bd2 29. Bxd2 Rxd2 0-1

[Event "Eschborn op"]
[Site "Eschborn"]
[Date "2016.09.04"]
[Round "4"]
[White "Graf, Michael"]
[Black "Belz, Frank Martin"]
[Result "0-1"]
[WhiteElo "1585"]
[BlackElo "2039"]
[PlyCount "70"]
[EventDate "2016.09.02"]
[EventType "swiss"]
[EventRounds "5"]
[EventCountry "GER"]
[SourceTitle "EXT 2018"]
[Source "ChessBase"]
[SourceDate "2017.10.13"]
[SourceVersion "1"]
[SourceVersionDate "2017.10.13"]
[SourceQuality "1"]

1. b4 d5 2. Bb2 c6 3. e3 Qb6 4. a3 a5 5. c4 axb4 6. c5 Qc7 7. axb4 Rxa1 8. Bxa1 Nf6 9. Nf3 Bg4 10. Be2 Bxf3 11. Bxf3 e5 12. d4 e4 13. Be2 Be7 14. 0-0 0-0 15. Nc3 Nfd7 16. Qb3 f5 17. b5 Kh8 18. b6 Qd8 19. g3 g5 20. Nxd5 cxd5 21. Qxd5 Nc6 22. Qe6 Bf6 23. Bb5 Qe8 24. Qd6 Ncb8 25. Rc1 f4 26. c6 bxc6 27. Bxc6 Nxc6 28. Rxc6 fxe3 29. fxe3 Bg7 30. Qd5 Qh5 31. Kg2 Qe2+ 32. Kh3 Qf1+ 33. Kg4 Nf6+ 34. Rxf6 Bxf6 35. Qxe4 h5+ 0-1

[Event "Eschborn op"]
[Site "Eschborn"]
[Date "2016.09.03"]
[Round "2"]
[White "Klundt, Klaus"]
[Black "Belz, Frank Martin"]
[Result "1-0"]
[WhiteElo "2236"]
[BlackElo "2039"]
[PlyCount "47"]
[EventDate "2016.09.02"]
[EventType "swiss"]
[EventRounds "5"]
[EventCountry "GER"]
[SourceTitle "EXT 2018"]
[Source "ChessBase"]
[SourceDate "2017.10.13"]
[SourceVersion "1"]
[SourceVersionDate "2017.10.13"]
[SourceQuality "1"]

1. e4 c6 2. d4 d5 3. exd5 cxd5 4. c4 Nf6 5. Nc3 e6 6. Nf3 Bb4 7. cxd5 Nxd5 8. Qc2 Qa5 9. Bd2 0-0 10. Bd3 g6 11. 0-0 Be7 12. Nxd5 Qxd5 13. Rac1 Nc6 14. Be4 Nxd4 15. Nxd4 Qxd4 16. Rfd1 Qf6 17. Bh6 Rd8 18. Qa4 Bf8 19. Rxd8 Qxd8 20. Rd1 Qe7 21. Bxf8 Kxf8 22. Qa5 b6 23. Qc3 e5 24. Bxa8 1-0